| 000 | 00351 a2200133 4500 | ||
|---|---|---|---|
| 001 | 88834 | ||
| 082 | _aPR 757 | ||
| 090 |
_c41975 _d41975 |
||
| 100 | _aBurney | ||
| 245 | _aFatigue crack propagation study in unstiffened and stiffened panels | ||
| 260 |
_aKarachi _bUniversity of Karachi _c1980 |
||
| 300 |
_a90p. _eAzhar |
||
| 500 | _aBE Project Report | ||
| 942 |
_aCAE NUST _kPR 757 |
||
| 999 |
_c323907 _d323907 |
||